000
00290nam a2200121Ia 4500
008
241002s9999 xx 000 0 und d
082
_a
500.015 RUS
100
_a
Russell, Bertrand
245
4
_a
The Scientific Outlook
260
_a
London:
_c
1954
600
_a
Natural Science
942
_c
UC
999
_c
18638
_d
18638